Horror films - Statistics

General Stats
  • This quiz has been taken 26 times
  • The average score is 71 of 315
Answer Stats
Hint Answer % Correct
(1978) | (2018) Halloween
83%
(1922) | (2024) Nosferatu
75%
(1996) Scream
75%
(1984) A Nightmare On Elm Street
71%
(1980) | (2009) Friday The 13th
71%
(2004) Saw
71%
(1980) The Shining
71%
(1979) Alien
67%
(1990) It
67%
(2017) IT
67%
(1976) Carrie
63%
(1960) Psycho
63%
(1974) | (2003) The Texas Chainsaw Massacre
63%
(1988) Childs Play
58%
(2005) Saw 2
58%
(2006) Saw 3
58%
(2000) Scream 3
58%
(2013) The Conjuring
58%
(1981) Halloween 2
54%
(2007) Saw 4
54%
(2008) Saw 5
54%
(2009) Saw 6
54%
(1997) Scream 2
54%
(2011) Scream 4
54%
(2023) Scream 6
54%
(1931) Dracula
50%
(1931) Frankenstein
50%
(1982) Poltergeist
50%
(2022) Scream 5
50%
(1963) The Birds
50%
(1999) The Blair Witch Project
50%
(2016) The Conjuring 2
50%
(2002) The Ring
50%
(2002) 28 Days Later
46%
(1987) Hellraiser
46%
(1975) Jaws
46%
(1968) Night Of The Living Dead
46%
(1981) The Evil Dead
46%
(1973) The Exorcist
46%
(1978) | (2004) Dawn Of The Dead
42%
(2010) Insidious
42%
(1990) Misery
42%
(1987) Predator
42%
(2021) The Conjuring 3
42%
(2018) The Nun
42%
(1999) The Sixth Sense
42%
(1981) An American Werewolf In London
38%
(2000) Final Destination
38%
(1984) Gremlins
38%
(2018) Hereditary
38%
(2007) Paranormal Activity
38%
(2016) Terrifier
38%
(2012) The Cabin In The Woods
38%
(1982) The Thing
38%
(1941) The Wolfman
38%
(2022) X
38%
(2013) Evil Dead
33%
(2017) Get Out
33%
(2014) It Follows
33%
(1978) Jaws 2
33%
(2022) Smile
33%
(1977) The Hills Have Eyes
33%
(1933) | (2020) The Invisible Man
33%
(1991) The Silence Of The Lambs
33%
(1992) Alien 3
29%
(2024) Alien Romulus
29%
(1986) Aliens
29%
(2018) A Quiet Place
29%
(1935) Bride Of Frankenstein
29%
(2003) Final Destination 2
29%
(2024) Heretic
29%
(2024) Longlegs
29%
(2019) Midsommar
29%
(2022) Pearl
29%
(1968) Rosemary's Baby
29%
(2023) Saw X
29%
(2004) Shaun Of The Dead
29%
(1979) The Amityville Horror
29%
(1920) The Cabinet Of Dr Caligari
29%
(2006) The Host
29%
(2018) The Meg
29%
(1976) The Omen
29%
(1925) The Phantom Of The Opera
29%
(2024) The Substance
29%
(2015) The Witch
29%
(2007) 28 Weeks later
25%
(2004) Alien vs Predator
25%
(2000) American Psycho
25%
(1992) | (2021) Candyman
25%
(1983) Christine
25%
(1983) Cujo
25%
(2011) Final Destination 5
25%
(1932) Freaks
25%
(1981) Friday The 13th Part 2
25%
(1982) Friday The 13th Part 3
25%
(1954) Godzilla
25%
(2017) Happy Death Day
25%
(2005) Hostel
25%
(1997) I Know What You Did Last Summer
25%
(2025) I Know What You Did last Summer
25%
(1956) Invasion Of The Body Snatchers`
25%
(2001) Jeepers Creepers
25%
(2017) Jigsaw
25%
(1933) King Kong
25%
(2007) REC
25%
(1979) Salem's Lot
25%
(2024) Smile 2
25%
(1977) Suspiria
25%
(1986) The Fly
25%
(1980) The Fog
25%
(2025) The Monkey
25%
(1932) The Mummy
25%
(2019) Us
25%
(2025) Wolf Man
25%
(2009) Zombieland
25%
(2024) Abigail
21%
(2017) Alien Covenant
21%
(1954) Creature From The Black Lagoon
21%
(2014) Creep
21%
(2019) Doctor Sleep
21%
(1987) Evil Dead 2
21%
(2023) Evil Dead Rise
21%
(2003) Freddy Vs Jason
21%
(1998) Halloween H20
21%
(2001) Hannibal
21%
(1920) Haxan
21%
(1990) Jacobs Ladder
21%
(2009) Jennifer's Body
21%
(2015) Krampus
21%
(2008) Let The Right One In
21%
(2022) Nope
21%
(1989) | (2019) Pet Sematary
21%
(2012) Prometheus
21%
(1983) Sleepaway Camp
21%
(2021) The Black Phone
21%
(2007) The Mist
21%
(2023) The Nun 2
21%
(1973) The Wicker Man
21%
(2016) Train To Busan
21%
(1990) Tremors
21%
(2010) 10 Cloverfield Lane
17%
(1992) Army Of Darkness
17%
(1974) Black Christmas
17%
(2010) Black Swan
17%
(1998) Bride Of Chucky
17%
(1942) Cat People
17%
(1990) Childs Play 2
17%
(2008) Cloverfield
17%
(1985) Day Of The Dead
17%
(1973) Don't Look Now
17%
(2023) Five Nights At Freddy's
17%
(2017) Gerald's Game
17%
(2022) Halloween Ends
17%
(2021) Halloween Kills
17%
(1998) I Still Know What You Did Last Summer
17%
(2001) Jason X
17%
(2003) Jeepers Creepers 2
17%
(2023) Megan
17%
(1964) Onibaba
17%
(1980) Prom Night
17%
(2016) Raw
17%
(2002) Resident Evil
17%
(2004) Seed Of Chucky
17%
(1995) Seven
17%
(2002) Signs
17%
(2022) Terrifier 2
17%
(2024) Terrifier 3
17%
(1986) Texas Chainsaw Massacre 2
17%
(2014) The Babadook
17%
(1958) The Blob
17%
(1981) The Howling
17%
(2019) The Lighthouse
17%
(2003) | (2021) Wrong Turn
17%
(2011) You're Next
17%
(2025) 28 Years Later
13%
(1997) Alien Resurrection
13%
(2014) Anabelle
13%
(1997) Anaconda
13%
(1985) A Nightmare On Elm Street 2 Freddy's Revenge
13%
(2018) Bird Box
13%
(1992) Bram Stokers Dracula
13%
(1991) Childs Play 3
13%
(1982) Creepshow
13%
(1975) Deep Red
13%
(2016) Don't Breathe
13%
(1985) Fright Night
13%
(1982) Halloween 3 Season Of The Witch
13%
(2025) Heart Eyes
13%
(1953) House Of Wax
13%
(2016) Hush
13%
(1994) Interview With The Vampire
13%
(1988) Killer Klowns From Outer Space
13%
(1993) Leprechaun
13%
(1994) Leprechaun 2
13%
(1981) My Bloody Valentine
13%
(2003) Open Water
13%
(2010) Paranormal Activity 2
13%
(2011) Paranormal Activity 3
13%
(2012) Paranormal Activity 4
13%
(1988) Pumpkinhead
13%
(1985) Re-Animator
13%
(2025) Sinners
13%
(2021) Spiral
13%
(2001) The Devils Backbone
13%
(1972) The Last House On The Left
13%
(1985) The Return Of The Living Dead
13%
(2016) The Shallows
13%
(2008) The Strangers
13%
(1988) They Live
13%
(2019) Zombieland Double Tap
13%
(2007) 1408
8%
(2017) 47 Meters Down
8%
(2007) Alien Vs Predator Requiem
8%
(2013) All Hallows Eve
8%
(1987) A Nightmare On Elm Street 3 Dream Warriors
8%
(1988) A Nightmare On Elm Street 4 The Dream Master
8%
(1989) A Nightmare On Elm Street 5 The Dream Child
8%
(2024) A Quiet Place Day One
8%
(2020) A Quiet Place Part 2
8%
(1995) Candyman Farewell To The Flesh
8%
(2019) Crawl
8%
(2017) Creep 2
8%
(1945) Dead Of Night
8%
(2025) Death Of A Unicorn
8%
(1999) Deep Blue Sea
8%
(2025) Final Destination Bloodlines
8%
(2025) Five Nights At Freddy's 2
8%
(1985) Friday The 13th A New Beginning
8%
(1986) Friday The 13th Jason Lives
8%
(1989) Friday The 13th Jason Takes Manhattan
8%
(1984) Friday The 13th The Final Chapter
8%
(1988) Friday The 13th The New Blood
8%
(1988) Halloween 4 The Return Of Michael Myers
8%
(1989) Halloween 5 The Revenge Of Michael Myers
8%
(2002) Halloween Resurrection
8%
(2019) Happy Death Day 2U
8%
(1988) Hellbound Hellraiser 2
8%
(1992) Hellraiser 3 Hell On Earth
8%
(2024) In A Violent Nature
8%
(2013) Insidious Chapter 2
8%
(2018) Insidious The Last Key
8%
(2023) Insidious The Red Door
8%
(1993) Jason Goes To Hell The Final Friday
8%
(1999) Lake Placid
8%
(2005) Land Of The Dead
8%
(2017) Leatherface
8%
(1994) New Nightmare
8%
(2022) Prey
8%
(2010) Saw 3D
8%
(2006) Silent Hil
8%
(1980) Terror Train
8%
(2023) Thanksgiving
8%
(2005) The Devils Rejects
8%
(1987) The Lost Boys
8%
(1928) The Man Who Laughs
8%
(2007) Trick R Treat
8%
(2025) Until Dawn
8%
(1998) Vampires
8%
(1932) Vampyr
8%
(2019) Anabelle Comes Home
4%
(2017) Anabelle Creation
4%
(1982) Basket Case
4%
(1962) Carnival Of Souls
4%
(2023) Cocaine Bear
4%
(2017) Cult Of Chucky
4%
(2013) Curse Of Chucky
4%
(1991) Freddy's Dead The Final Nightmare
4%
(1995) Halloween The Curse Of Michael Myers
4%
(1996) Hellraiser Bloodline
4%
(2005) Hellraiser Hellworld
4%
(2000) Hellraiser Inferno
4%
(2007) i Am Legend
4%
(2006) Ill Always Know What You Did Last Summer
4%
(1994) In The Mouth Of Madness
4%
(2019) It Chapter Two
4%
(1995) Leprechaun 3
4%
(1996) Leprechaun 4 In Space
4%
(2003) Leprechaun Back 2 Tha Hood
4%
(2000) Leprechaun In The Hood
4%
(2025) Megan 2.0
4%
(1979) Nosferatu The Vampire
4%
(1979) Phantasm
4%
(1987) Prince Of Darkness
4%
(2025) Saw 11
4%
(2019) Scary Stories To Tell In The Dark
4%
(2025) Screamboat
4%
(1984) Silent Night Deadly Night
4%
(2013) Texas Chainsaw 3D
4%
(2023) The Exorcist Believer
4%
(1981) The Funhouse
4%
(2024) The Strangers Chapter 1
4%
(2018) The Strangers Prey At Night
4%
(1951) The Thing From Another World
4%
(1953) The War Of The Worlds
4%
(1932) White Zombie
4%
(2023) Winnie The Pooh Blood & Honey
4%
(2024) Winnie The Pooh Blood & Honey 2
4%
(2023) 65
0%
(2025) Bambi The Reckoning
0%
(2025) Clown In A Cornfield
0%
(2002) Dog Soldiers
0%
(2006) Final Destinaton 3
0%
(1958) Horror Of Dracula
0%
(1943) I Walked With A Zombie
0%
(1946) The Spiral Staircase
0%
(2024) Werewolves
0%
No matching quizzes found
Score Distribution
Percent of People with Each Score
Percentile by Number Answered
Your Score History
You have not taken this quiz